The Oxford English dictionary. Vol.1 (A-B)

Uloženo v:
Podrobná bibliografie
Médium: Kniha
Jazyk:Undetermined
Vydáno: Oxford Clarendon Press 1961
Témata:
Tagy: Přidat tag
Žádné tagy, Buďte první, kdo otaguje tento záznam!
Thư viện lưu trữ: Trung tâm Học liệu Trường Đại học Cần Thơ
LEADER 00442nam a2200157Ia 4500
001 CTU_25590
008 210402s9999 xx 000 0 und d
082 |a 032 
082 |b M981/Vol.1 
245 4 |a The Oxford English dictionary. Vol.1 (A-B) 
260 |a Oxford 
260 |b Clarendon Press 
260 |c 1961 
650 |a encyclopedias and dictionaries 
904 |i Minh, 980928 
980 |a Trung tâm Học liệu Trường Đại học Cần Thơ